[Event "TUR Cup"]
[Site "Adapazari"]
[Date "2022.03.30"]
[Round "8"]
[White "Altin, Halis"]
[Black "Caliskan, Soner"]
[Result "1-0"]
[WhiteElo "1503"]
[BlackElo "1661"]
[PlyCount "59"]
[EventDate "2022.03.25"]
[EventType "swiss"]
[EventRounds "11"]
[EventCountry "TUR"]
[SourceTitle "EXT 2023"]
[Source "ChessBase"]
[SourceDate "2022.10.05"]
[SourceVersion "1"]
[SourceVersionDate "2022.10.05"]
[SourceQuality "1"]

1. e4 d5 2. exd5 Nf6 3. d4 c6 4. Nc3 cxd5 5. Nf3 Bg4 6. Be2 Nc6 7. 0-0 e6 8. h3 Bh5 9. Ne5 Bxe2 10. Nxe2 Be7 11. c3 0-0 12. f4 Ne4 13. Qd3 f5 14. Qf3 Rf6 15. Ng3 Nxe5 16. fxe5 Rg6 17. Nxe4 dxe4 18. Qe2 Qd5 19. Be3 Rf8 20. b3 Bg5 21. Bxg5 Rxg5 22. Qe3 h6 23. Rf2 Rh5 24. Kh2 g5 25. Raf1 f4 26. g3 g4 27. Rxf4 Rxf4 28. Qxf4 Qd7 29. Qf8+ Kh7 30. Rf7+ 1-0

[Event "TUR Cup"]
[Site "Adapazari"]
[Date "2022.03.26"]
[Round "2"]
[White "Altin, Halis"]
[Black "Ilcin, Muhammed Yusuf"]
[Result "1/2-1/2"]
[WhiteElo "1503"]
[BlackElo "1053"]
[PlyCount "54"]
[EventDate "2022.03.25"]
[EventType "swiss"]
[EventRounds "11"]
[EventCountry "TUR"]
[SourceTitle "EXT 2023"]
[Source "ChessBase"]
[SourceDate "2022.10.05"]
[SourceVersion "1"]
[SourceVersionDate "2022.10.05"]
[SourceQuality "1"]

1. e4 e5 2. Nf3 Nc6 3. Bc4 Bc5 4. d3 h6 5. Be3 Bb6 6. Nc3 Nf6 7. h3 d6 8. 0-0 0-0 9. Qd2 Bd7 10. Ne2 Re8 11. Ng3 Bxe3 12. fxe3 a6 13. Qf2 Na5 14. Bb3 Nxb3 15. axb3 c6 16. Nh4 Be6 17. Nhf5 Nh7 18. Nh5 Bxf5 19. exf5 Nf6 20. Nxf6+ Qxf6 21. e4 Rad8 22. Rae1 d5 23. Re3 Rd6 24. g4 g6 25. fxg6 Qxf2+ 26. Rxf2 fxg6 27. Kg2 Kg7 1/2-1/2

[Event "Troya op 21st"]
[Site "Canakkale"]
[Date "2013.08.17"]
[Round "1"]
[White "Rasulov, Vugar Ural Oglu"]
[Black "Altin, Halis"]
[Result "1-0"]
[WhiteElo "2483"]
[BlackElo "1808"]
[PlyCount "55"]
[EventDate "2013.08.17"]
[EventType "swiss"]
[EventRounds "9"]
[EventCountry "TUR"]
[SourceTitle "CBM 156 Extra"]
[Source "ChessBase"]
[SourceDate "2013.10.22"]
[SourceVersion "1"]
[SourceVersionDate "2013.10.22"]
[SourceQuality "1"]

1. e4 e5 2. Nf3 Nc6 3. Bb5 a6 4. Ba4 d6 5. 0-0 b5 6. Bb3 Be6 7. c3 Bxb3 8. axb3 Be7 9. d4 Nf6 10. Re1 0-0 11. Nbd2 Re8 12. d5 Nb8 13. b4 Nbd7 14. Nb3 h6 15. Na5 Nf8 16. b3 Ng6 17. c4 Qd7 18. Qd3 Bf8 19. Nc6 Nh5 20. g3 Qg4 21. Kh1 Be7 22. cxb5 axb5 23. Ra5 Rf8 24. Ng1 Rxa5 25. bxa5 f5 26. h3 Nxg3+ 27. Qxg3 Qh5 28. Qxg6 1-0

[Event "World Amateur-ch"]
[Site "Iasi"]
[Date "2013.04.26"]
[Round "5"]
[White "Olinici, Ecaterina"]
[Black "Altin, Halis"]
[Result "0-1"]
[WhiteElo "1399"]
[BlackElo "1811"]
[PlyCount "58"]
[EventDate "2013.04.22"]
[EventType "swiss"]
[EventRounds "9"]
[EventCountry "ROU"]
[SourceTitle "CBM 154 Extra"]
[Source "ChessBase"]
[SourceDate "2013.06.25"]
[SourceVersion "2"]
[SourceVersionDate "2013.06.25"]
[SourceQuality "1"]

1. e4 e5 2. Nf3 Nc6 3. Bc4 Be7 4. c3 Nf6 5. d3 d6 6. Bb3 h6 7. Nbd2 0-0 8. Nf1 Be6 9. Bc2 Nh5 10. Ng3 Nf4 11. 0-0 Bg5 12. Bxf4 Bxf4 13. d4 Bd7 14. Bb3 Ne7 15. h3 Ng6 16. Nh2 Be6 17. Bxe6 fxe6 18. Qg4 Qe8 19. h4 Kh7 20. h5 Nh8 21. dxe5 dxe5 22. Rad1 g6 23. hxg6+ Nxg6 24. Rd3 Rg8 25. Nh5 Qf7 26. Rfd1 Bxh2+ 27. Kxh2 Rae8 28. Rf3 Nf4 29. Qh4 Qxh5 0-1

[Event "Budapest Spring op 26th"]
[Site "Budapest"]
[Date "2010.03.25"]
[Round "6"]
[White "Borda, Lajos"]
[Black "Altin, Halis"]
[Result "1-0"]
[WhiteElo "2076"]
[BlackElo "1849"]
[PlyCount "59"]
[EventDate "2010.03.19"]
[EventType "swiss"]
[EventRounds "9"]
[EventCountry "HUN"]
[SourceTitle "CBM 135 Extra"]
[Source "ChessBase"]
[SourceDate "2010.05.04"]
[SourceVersion "1"]
[SourceVersionDate "2010.05.04"]
[SourceQuality "1"]

1. c4 e5 2. Nc3 Nc6 3. g3 b6 4. Bg2 Bb7 5. e3 Nf6 6. Nge2 Be7 7. 0-0 0-0 8. d4 exd4 9. exd4 d6 10. b3 Rb8 11. Bb2 Re8 12. d5 Ne5 13. Nd4 a6 14. h3 Qd7 15. f4 Ng6 16. g4 h6 17. Qd3 Nh4 18. Bh1 Nxg4 19. hxg4 Qxg4+ 20. Kh2 Bf6 21. Ne4 Bd8 22. Qh3 Qh5 23. Ng3 Qg6 24. Rae1 Bf6 25. Be4 Rxe4 26. Rxe4 Bc8 27. Re8+ Kh7 28. Rxc8 Rxc8 29. Qxc8 Qd3 30. Qg4 1-0

[Event "Istanbul op 8th"]
[Site "Istanbul"]
[Date "2009.09.01"]
[Round "2"]
[White "Shanava, Konstantine"]
[Black "Altin, Halis"]
[Result "1-0"]
[WhiteElo "2506"]
[BlackElo "1867"]
[PlyCount "59"]
[EventDate "2009.08.31"]
[EventType "swiss"]
[EventRounds "9"]
[EventCountry "TUR"]
[SourceTitle "CBM 132 Extra"]
[Source "ChessBase"]
[SourceDate "2009.11.03"]
[SourceVersion "1"]
[SourceVersionDate "2009.11.03"]
[SourceQuality "1"]

1. e4 e5 2. Nf3 Nc6 3. Bc4 Bc5 4. c3 Nf6 5. d3 h6 6. 0-0 d6 7. h3 0-0 8. Bb3 Qe7 9. Nbd2 Bd7 10. Nh2 Rae8 11. Kh1 Nh7 12. f4 exf4 13. d4 Bb6 14. Rxf4 Nd8 15. Rf1 Ng5 16. Bc2 Bc6 17. Ng4 Nxe4 18. Nxe4 Bxe4 19. Bxh6 Qh4 20. Bxe4 Rxe4 21. Bd2 Rfe8 22. Qf3 c5 23. d5 c4 24. Qf5 Re2 25. Bf4 Rxb2 26. Bxd6 Ree2 27. Qf3 Red2 28. Rae1 Rd3 29. Re8+ Kh7 30. Qf5+ 1-0

[Event "Albena op"]
[Site "Albena"]
[Date "2009.06.22"]
[Round "3"]
[White "Altin, Halis"]
[Black "Yakimenko, Anna"]
[Result "1/2-1/2"]
[WhiteElo "1867"]
[BlackElo "2091"]
[PlyCount "49"]
[EventDate "2009.06.20"]
[EventType "swiss"]
[EventRounds "9"]
[EventCountry "BUL"]
[SourceTitle "CBM 130 Extra"]
[Source "ChessBase"]
[SourceDate "2009.07.02"]
[SourceVersion "2"]
[SourceVersionDate "2009.07.15"]
[SourceQuality "1"]

1. e4 e6 2. d4 d5 3. exd5 exd5 4. Nf3 Bd6 5. Be2 Ne7 6. 0-0 Bg4 7. Re1 Nbc6 8. Bg5 f6 9. Bh4 Qd7 10. c3 0-0-0 11. b4 Kb8 12. a4 Ng6 13. Bg3 Bxg3 14. fxg3 h5 15. Nbd2 Qd6 16. Nh4 Nxh4 17. gxh4 Qf4 18. Bxg4 hxg4 19. g3 Qh6 20. Nf1 Qg6 21. a5 Rde8 22. Ne3 Re4 23. Nxd5 Rhe8 24. Qd2 Qf7 25. Rxe4 1/2-1/2